|
|
|
|
| LEADER |
01326nam a2200337 a 4500 |
| 001 |
16442 |
| 003 |
BD-DhAAL |
| 005 |
20210808221644.0 |
| 008 |
090413s2005 ii a 001 0 eng d |
| 999 |
|
|
|c 140
|d 140
|
| 010 |
|
|
|a 2004109876
|
| 020 |
|
|
|a 813170162x
|
| 040 |
|
|
|a VYR
|c VYR
|d JRZ
|d DLC
|d BD-DhAAL
|
| 082 |
0 |
4 |
|a 005.133
|2 22
|
| 100 |
1 |
|
|a Horstmann, Cay S.,
|d 1959-
|9 7399
|
| 245 |
1 |
0 |
|a Core Java 2 /
|c Cay S. Horstmann, Gary Cornell.
|
| 246 |
3 |
|
|a Core Java two
|
| 250 |
|
|
|a Seventh edition
|
| 260 |
|
|
|a India :
|b Sai Printo Pack Pvt. Ltd.,
|c c2005.
|
| 300 |
|
|
|a 2 v.784 pages. :
|b illustrations ;
|c 24 cm.
|
| 490 |
0 |
|
|a Sun Microsystems Press Java series
|
| 500 |
|
|
|a "J2SE 5.0"--Cover.
|
| 500 |
|
|
|a Includes index.
|
| 505 |
0 |
|
|a v. 1. Fundamentals -- v. 2. Advanced feature.
|
| 541 |
|
|
|e 16442, 16444
|
| 650 |
|
0 |
|a Java (Computer program language)
|9 6164
|
| 700 |
1 |
|
|a Cornell, Gary.
|9 7400
|
| 852 |
|
|
|a Ayesha Abed Library
|j General stacks
|
| 942 |
|
|
|2 ddc
|c BK
|0 4
|
| 952 |
|
|
|0 0
|1 0
|2 ddc
|4 0
|6 005_133000000000000_HOR
|7 0
|9 129
|a BRACUL
|b BRACUL
|c GEN
|d 2009-04-28
|g 1080.00
|l 27
|m 88
|o 005.133 HOR
|p 3010016444
|r 2024-12-15
|s 2020-01-29
|t 2
|w 2009-04-28
|y BK
|
| 952 |
|
|
|0 0
|1 0
|2 ddc
|4 0
|6 005_133000000000000_HOR
|7 0
|9 9339
|a BRACUL
|b BRACUL
|c GEN
|d 2010-04-20
|l 22
|m 93
|o 005.133 HOR
|p 3010016442
|r 2025-02-04
|s 2025-01-20
|t 1
|w 2010-04-20
|y BK
|